00483nam a22001697a 450000500170000001000150001702000260003203500140005803700130007208200110008510000190009624500810011526000340019627000390023030000200026970000240028920250225123349.0 aENG-143937 a9789381231036c225.00 aEN-127446 bDBAD/PUB a881.02 aFraser Bashabi aImages of LifecBashabi FraserbCreative and other forms of writinghEnglish aKolkatabS. Impressionsc2014 a96/6A ,M.G.Road bKolkatae7000007 a315pc21cm(pbk) aSnorrason, Gylfi K.